Βύρων Θεοδωρόπουλος : ο διπλωμάτης και δάσκαλος ; κείμενα στα χνάρια της σκέψης του
Αποθηκεύτηκε σε:
| Συγγραφή απο Οργανισμό/Αρχή: | |
|---|---|
| Μορφή: | Βιβλίο |
| Γλώσσα: | Greek |
| Δημοσίευση: |
Αθήνα :
Παπαζήσης,
2010.
|
| Θέματα: | |
| Ετικέτες: |
Προσθήκη ετικέτας
Δεν υπάρχουν, Καταχωρήστε ετικέτα πρώτοι!
|
MARC
| LEADER | 00000cam a2200000 i 4500 | ||
|---|---|---|---|
| 001 | 1/6798 | ||
| 008 | 100422s2010 gr | ||| |||| ||gre|| | ||
| 020 | |a 9789600224085 | ||
| 035 | |l 10107639 | ||
| 040 | |a GR-MY-UA |b gre |e aacr | ||
| 041 | 0 | |a gre | |
| 082 | 7 | |a 920.092 |2 (22) | |
| 110 | 1 | |a Ελλάς. |b Υπουργείο Εξωτερικών. | |
| 245 | 1 | 0 | |a Βύρων Θεοδωρόπουλος : |b ο διπλωμάτης και δάσκαλος ; κείμενα στα χνάρια της σκέψης του / |c Υπουργείο Εξωτερικών, Επιστημονικό Κέντρο Ανάλυσης και Σχεδιασμού. |
| 260 | |a Αθήνα : |b Παπαζήσης, |c 2010. | ||
| 300 | |a 370 σ. ; |c 25 εκ. | ||
| 650 | 0 | 0 | |a Economic development |z Developing countries. |
| 650 | 0 | 0 | |a Economic assistance |z Developing countries. |
| 852 | |a INST |b LEMNOS |e 20140221 |h 920.092 ΕΛΛ |p 005600000966 |q 005600000966 |t BK |y 0 | ||
| 852 | |a INST |b RHODES |e 20100422 |h 920.092 ΕΛΛ |p 005400032730 |q 005400032730 |t BK |y 0 | ||
| 852 | |a INST |b RHODES |e 20100511 |h 920.092 ΕΛΛ |p 005400032798 |q 005400032798 |t BK |y 0 | ||
| 901 | |a BIBL4-2010-1 | ||
| 901 | |a BIBL6-2014-1 | ||
| 970 | |a ΚΟΖΑ |b ΜΑΡΙΑ |z 2010/04/22 | ||